000 01163nam a2200337 i 4500
001 000030346
003 DO-SdBNP
005 20240514122510.0
007 ta
008 110510s1994 dr d 000 0 spa d
020 _a8489525404
040 _aDO-SdBNP
_bspa
_cBNPHU
_erda
041 _hspa
082 4 _a658.32
_bR696s
_222
100 1 _aRodríguez R., Víctor Melitón,
_97367
_eautor
245 1 0 _aSalarios y beneficios del trabajo /
_cVíctor Melitón Rodríguez R. ; prólogo Luís A. Scheker Ortíz.
264 _aSanto Domingo :
_bINTEC,
_c1994.
300 _a335 páginas :
_bgráficos ;
_c22 cm.
336 _2rdacontent
_atexto
_btxt
337 _2rdamedia
_asin mediación
_bn
338 _2rdacarrier
_avolumen
_bnc
500 _aIncluye referencias bibliográficas y notas al pie de las páginas
504 _aBibliografía : p 325-335.
590 _aInventariado, 2018/ YL
650 0 _aSalarios
_956999
650 4 _aAnálisis ocupacional
_927682
651 4 _aRepública Dominicana
_xCondiciones Económicas
_9281
700 1 2 _aScheker Ortíz, Luís A.,
_epról.
_98534
910 _aValidado. Control de calidad EMS
942 _2ddc
_cLBS1
999 _c29838
_d29838